Medical Masterclass: (Record no. 4264)

MARC details
000 -LEADER
fixed length control field 00656nam a22002297a 4500
003 - CONTROL NUMBER IDENTIFIER
control field OSt
005 - DATE AND TIME OF LATEST TRANSACTION
control field 20161006150230.0
008 - FIXED-LENGTH DATA ELEMENTS--GENERAL INFORMATION
fixed length control field 160601b xxu||||| |||| 00| 0 eng d
020 ## - INTERNATIONAL STANDARD BOOK NUMBER
International Standard Book Number 1846192277
020 ## - INTERNATIONAL STANDARD BOOK NUMBER
International Standard Book Number 063205862
040 ## - CATALOGING SOURCE
Transcribing agency DNLM
082 ## - DEWEY DECIMAL CLASSIFICATION NUMBER
Classification number QV771M468j 2001
100 ## - MAIN ENTRY--PERSONAL NAME
Personal name Editor John, D. Firth; William, Lynn; Karen, Harman.
9 (RLIN) 9191
245 ## - TITLE STATEMENT
Title Medical Masterclass:
Remainder of title Clinical Skills.
250 ## - EDITION STATEMENT
Edition statement 2nd ed.
260 ## - PUBLICATION, DISTRIBUTION, ETC. (IMPRINT)
Place of publication, distribution, etc. London;
Name of publisher, distributor, etc. Royal college of Physicians,
Date of publication, distribution, etc. 2004.
300 ## - PHYSICAL DESCRIPTION
Extent xi, 119p;
Other physical details col.ill:
Dimensions 30cm.
504 ## - BIBLIOGRAPHY, ETC. NOTE
Bibliography, etc Index included
650 ## - SUBJECT ADDED ENTRY--TOPICAL TERM
Topical term or geographic name as entry element Clinical Skills.
9 (RLIN) 2563
650 ## - SUBJECT ADDED ENTRY--TOPICAL TERM
Topical term or geographic name as entry element Dermatology MCQS
9 (RLIN) 9192
942 ## - ADDED ENTRY ELEMENTS (KOHA)
Source of classification or shelving scheme Other/Generic Classification Scheme
Koha item type Open Shelf
Holdings
Withdrawn status Lost status Source of classification or shelving scheme Damaged status Not for loan Home library Current library Date acquired Source of acquisition Inventory number Total Checkouts Full call number Barcode Date last seen Koha item type Price effective from
    Other/Generic Classification Scheme     MUST Main Library MUST Main Library 01/06/2016   09/31166   WC100 I4f 2004 2016-2295 01/06/2016 Open Shelf  
    Other/Generic Classification Scheme     MUST Main Library MUST Main Library 01/06/2016   09/31989   WC100 I4f 2004 2016-2296 01/06/2016 Open Shelf  
    Other/Generic Classification Scheme     MUST Main Library MUST Main Library 16/06/2016   06/27454   QV771M468j 2001 2016-2519 16/06/2016 Open Shelf 16/06/2016
    Other/Generic Classification Scheme     MUST Main Library MUST Main Library 16/08/2016   2009/31986   QV771M468j 2001 2016-3630 16/08/2016 Open Shelf 16/08/2016
    Other/Generic Classification Scheme     MUST Main Library MUST Main Library 04/10/2016   09/31992   QV771M468j 2001 2016-4599 04/10/2016 Open Shelf 04/10/2016
    Other/Generic Classification Scheme     MUST Main Library MUST Main Library 04/10/2016   09/31157   QV771M468j 2001 2016-4604 04/10/2016 Open Shelf 04/10/2016